| 000 | 00529nam a2200193 a 4500 | ||
|---|---|---|---|
| 005 | 20230601063808.0 | ||
| 008 | 991125s1994 mx 000 0 spa u | ||
| 020 | _a9682959857 | ||
| 035 | _aUPN01000044486 | ||
| 049 | _aCG | ||
| 050 | 4 |
_aF3448.2 _bP47 |
|
| 245 | 0 | 0 |
_aPerú en el fin del milenio / _cComp. por Heraclio Bonilla. |
| 260 |
_aMéxico : _bCNCA, _c1994. |
||
| 300 | _a412 p. | ||
| 440 | 0 | _aClaves de América Latina | |
| 651 | 4 |
_aPERU - _xCONDICIONES SOCIALES |
|
| 651 | 4 |
_aPerú _xHistoria _910039 |
|
| 905 | _aLibro | ||
| 999 |
_c44486 _d44486 |
||